| 000 | 01011nam a22002175i 4500 | ||
|---|---|---|---|
| 001 | 153789 | ||
| 003 | ES-MaACL | ||
| 005 | 20230906205403.0 | ||
| 008 | 970814s1875 sp |||| | spa d | ||
| 040 |
_aCLM _bspa _cCLM |
||
| 245 | 0 | 0 |
_aNovísima ley de enjuicimiento civil y mercantil _b: anotada y concordada con numerosas disposiciones prácticas, reglas de jurisprudencia y sentencias del Tribunal Supremo : seguida de varios apéndices que contienen la Instrucción para la aplicación de la ley en Cuba y Puerto Rico ... |
| 250 | _a6ª ed. | ||
| 260 |
_aMadrid : _b[s.n.], _c1875 ( _fImprenta de José María Pérez) |
||
| 300 |
_aXVI, 584 p. ; _c18 cm. |
||
| 490 | 1 | _aBiblioteca jurídica de Rómulo Moragas y Droz y Julián María Pardo | |
| 700 | 2 | 1 |
_aMoragas y Droz, Rómulo. _9130129 |
| 700 | 1 | 1 |
_aPardo, Julián María. _9130844 |
| 830 | 0 |
_aBiblioteca jurídica de Rómulo Moragas y Droz y Julián María Pardo _9221440 |
|
| 852 |
_aES-MaACL _jD-891 _z-- Enc. pasta |
||
| 999 |
_c153789 _d153789 |
||